000 00512nam a22001817a 4500
003 LK-CoDNM
005 20240202123959.0
008 240202b |||||||| |||| 00| 0 eng d
020 _a9789553087225
040 _aLK-CoDNM
_dLK-CoDNM
_eLK-CoDNM
041 _asin
080 _a801
_bKOO
100 _aකෝපරහේවා,සදගෝමී
245 _aභාෂාව හා සන්නිවේදනය
260 _aColombo
_bS.Godage Saha Sahodarayo
_c2022
300 _a104p.,21cm
942 _cBK
999 _c144827
_d144827